Movies Quiz

Random Movies or Animation Quiz

Four Word Film Reviews (Animated II) Quiz Stats

 Plays Quiz Updated Jan 4, 2012

Challenge
Share
Tweet
Embed
Score 0/30 Timer 08:00
2 Plays Today
Film review Animated film % Correct
Ogre achiever.Shrek
96.5%
A Fish Called Wander.Finding Nemo
88.9%
Returning baby? Mammoth task.Ice Age
88%
When Hairy Met Sully.Monsters Inc.
86%
Blue. Hawaii. Elvis Presley.Lilo & Stitch
70.8%
Pixar's Toy-ota Story.Cars
70.1%
Waste lot, want bot.WALL-E
57.5%
Of Mice and Menus.Ratatouille
55%
More Doh for Groening.The Simpsons Movie
54.8%
Stiller is zoo lander.Madagascar
54.6%
Thomas The Hanks Engine.The Polar Express
52.4%
Black's Fists of Furry.Kung-Fu Panda
50.2%
Depp's wife after death.Corpse Bride
47.2%
Pixar's animated 'Two Storey'.Up
44.6%
Gibson: What chicks want.Chicken Run
44.3%
Film review Animated film % Correct
John Travolta's Pup Fiction.Bolt
41.6%
Yellow submariner - absorbing character!The SpongeBob SquarePants Movie
37.6%
It's Raining Menus.Cloudy With A Chance Of Meatballs
36%
Renée is Jerry's honey.Bee Movie
34%
Bruce Willis: Die Yard.Over The Hedge
28.4%
Penguins hang six.Surf's Up
27.4%
Urchin turns ursine.Brother Bear
26.6%
It's Bird's plain supermen.The Incredibles
25.6%
Fresh Prince, no air.Shark Tale
20.5%
Royale with Cleese.Shrek 2
19.9%
The Emperor knew groove.Happy Feet
19.1%
Look, ooze talking!Monsters vs. Aliens
17.9%
“Who” talkin' to me?Horton Hears A Who
15.2%
Keep Moving - Moving Keep.Howl's Moving Castle
9.4%
Stars, cheese & Hutch.Wallace & Gromit In The Curse Of The Were-Rabbit
5.7%

You're not logged in!

Compare scores with friends on all Sporcle quizzes.
Join for Free
OR
Log In

You Might Also Like...

Show Comments

Extras

Top Quizzes Today


Score Distribution

Your Account Isn't Verified!

In order to create a playlist on Sporcle, you need to verify the email address you used during registration. Go to your Sporcle Settings to finish the process.

Report this User

Report this user for behavior that violates our Community Guidelines.

Details: